Koncepce aktivní politiky zaměstnanosti v procesu transformace čs. ekonomiky.

Pokus formulácie hlavných stránok aktívnej politiky zamestnanosti na pozadí predpokladaného vývoja ponuky a dopytu na trhu práce v najbližšom období. Hlavné dôvody pre vznik nezamestnanosti na čs. trhu práce. Sociálne skupiny najviac ohrozené v budúcnosti. Dve dimenzie politiky zamestnanosti: centrá...

Descripción completa

Guardado en:
Detalles Bibliográficos
Autor principal: Nešporová, A.
Formato: Capítulo de libro
Lenguaje:checo
Materias:
Etiquetas: Agregar Etiqueta
Sin Etiquetas, Sea el primero en etiquetar este registro!

MARC

LEADER 00000naa a2200000 4500
001 r009498
005 20220831084642.7
041 0 |a cze 
044 |a [CS] 
245 1 0 |a Koncepce aktivní politiky zaměstnanosti v procesu transformace čs. ekonomiky.  |c A. Nešporová 
520 |a Pokus formulácie hlavných stránok aktívnej politiky zamestnanosti na pozadí predpokladaného vývoja ponuky a dopytu na trhu práce v najbližšom období. Hlavné dôvody pre vznik nezamestnanosti na čs. trhu práce. Sociálne skupiny najviac ohrozené v budúcnosti. Dve dimenzie politiky zamestnanosti: centrálna a regionálna. Nasadenie rozdielnych nástrojov politiky zamestnanosti v súlade s jej duálnym zameraním. 
610 2 0 |a zamestnanosť 
610 2 0 |a transformácia 
610 2 0 |a ČSFR 
610 2 0 |a trh práce 
610 2 0 |a nezamestnanosť 
610 2 0 |a politika hospodárska 
100 1 |a Nešporová, A.